000 00276nam a2200109Ia 4500
008 190216s9999||||xx |||||||||||||| ||und||
100 _aMamoria C.B &mamoria S
245 0 _aBusiness Planning And Policy
260 _bSulthan Chand&Sons
_c1987
300 _a664p
942 _cBK
999 _c5516
_d5516